ბათუმის შოთა რუსთაველის სახელმწიფო უნივერსიტეტის ბიბლიოთეკა

საზოგადოებრივ-პოლიტიკური ვითარება აჭარაში XX საუკუნის 30-იან წლებში: (ბიბ.ჩანაწერი № 58719)

000 -ლიდერი
ფიქსირებული სიგრძის საკონტროლო ველი 01966nam a22002297a 4500
003 - საკონტროლო ნომრის იდენტიფიკატორი
საკონტროლო ველი Ge_BSU
005 - ბოლო ოპერაციის თარიღი და დრო
საკონტროლო ველი 20220707111429.0
008 - ფიქსირებული სიგრძის მონაცემთა ელემენტები - ზოგადი ინფორმაცია
ფიქსირებული სიგრძის საკონტროლო ველი 220707s2022ge xxu||||| |||| 00| 0 geo d
041 ## - ენის კოდი
Language code of text/sound track or separate title geo
080 ## - უნივერსალური ათობითი კლასიფიკაციის ინდექსი
Universal Decimal Classification number 94 ს-24
100 ## - მთავარი ჩანაწერი - პიროვნების სახელი
Personal name სამსონია, ლევან
9 (RLIN) 14299
245 ## - ცნობა სათაურის შესახებ
Title საზოგადოებრივ-პოლიტიკური ვითარება აჭარაში XX საუკუნის 30-იან წლებში:
Remainder of title დისერტაცია /
Statement of responsibility, etc ლევან სამსონია, სამეცნ.ხელმძღ. ისტორიის მეცნიერებათა დოქტორი ოთარ თურმანიძე.
264 ## - წარმოების, გამოცემის, დისტრიბუციის და სხვა ცნობები
გამოცემის, წარმოების, დისტრიბუციის... ადგილი ბათუმი:
გამოცემის, წარმოების, დისტრიბუციის... სახელწოდება ბათუმის შოთა რუსთაველის სახელმწიფო უნივერსიტეტი,
გამოცემის, წარმოების, დისტრიბუციის... თარიღი 2022.
300 ## - ფიზიკური აღწერა
Extent 248 გვ.:
Dimensions 30 სმ.
501 ## - შენიშვნა თანმხლებ მასალაზე
With note შემოკლებათა განმარტ.გვ:228 საარქივო დოკუმენტ.გვ:234-248
653 ## - INDEX TERM--UNCONTROLLED
Uncontrolled term საზოგადოებრივ-პოლიტიკური ვითარება აჭარაში XX საუკუნის 30-იან წლებში
653 ## - INDEX TERM--UNCONTROLLED
Uncontrolled term ისტორია
653 ## - INDEX TERM--UNCONTROLLED
Uncontrolled term სადოქტორო ნაშრომი შესრულებულია ისტორიის დოქტორის აკადემიური ხარისხის მოსაპოვებლად
700 ## - ADDED ENTRY--PERSONAL NAME
Personal name თურმანიძე, ოთარ
Relator term სამეცნიერო ხელმძღვანელი
9 (RLIN) 14300
710 ## - ADDED ENTRY--CORPORATE NAME
Corporate name or jurisdiction name as entry element ბათუმის შოთა რუსთაველის სახელმწიფო უნივერსიტეტი ჰუმანიტარულ მეცნიერებათა ფაკულტეტი
9 (RLIN) 14301
942 ## - ADDED ENTRY ELEMENTS (KOHA)
Source of classification or shelving scheme
Koha item type დისერტაცია
ეგზემპლარები
ჩამოწერის სტატუსი დაკარგული ეგზემპლარის სტატუსი კლასიფიკაციის წყარო ან თაროზე გაწყობის სქემა დაზიანების სტატუსი არ გაიცემა მუდმივი მდებარეობა (დაცვის ადგილი) ამჟამინდელი ადგილსამყოფელი თაროზე განთავსების ადგილი შეძენის თარიღი სრული შენახვის შიფრი შტრიხკოდი ბოლო ოპერაციის თარიღი ეგზემპლარის მიმდევრობითი ნომერი (კეტერი?) ფასის ძალაში შესვლის თარიღი ეგზემპლარის სახეობა
        არ გაიცემა ბათუმის შოთა რუსთაველის სახელმწიფო უნივერსიტეტის მთავარი ბიბლიოთეკა ბათუმის შოთა რუსთაველის სახელმწიფო უნივერსიტეტის მთავარი ბიბლიოთეკა წიგნსაცავი 2022-07-07 94 ს-24 398 დისერტაცია 2022-07-07 398 დისერტაცია 2022-07-07 დისერტაცია